[Event "Zuerich op 26th"]
[Site "Zuerich"]
[Date "2002.12.27"]
[Round "3"]
[White "Kneifel, Stefan"]
[Black "Kurmann, Oliver"]
[Result "0-1"]
[WhiteElo "2109"]
[BlackElo "2240"]
[PlyCount "94"]
[EventDate "2002.12.26"]
[EventType "swiss"]
[EventRounds "7"]
[EventCountry "SUI"]
[SourceTitle "CBM 091 Extra"]
[Source "ChessBase"]
[SourceDate "2003.01.09"]
[SourceVersion "1"]
[SourceVersionDate "2003.01.09"]
[SourceQuality "1"]

1. Nc3 e6 2. e4 d5 3. d4 Nf6 4. e5 Nfd7 5. f4 c5 6. Nf3 Nc6 7. Be3 cxd4 8. Bxd4 Nxd4 9. Nxd4 Bc5 10. Nb3 Qc7 11. Qf3 a6 12. Nxc5 Qxc5 13. 0-0-0 0-0 14. Bd3 b5 15. g4 Bb7 16. h4 b4 17. Ne2 a5 18. h5 a4 19. g5 Ba6 20. Nd4 a3 21. bxa3 bxa3 22. Bxh7+ Kxh7 23. g6+ Kg8 24. h6 Qb6 25. hxg7 Qb2+ 26. Kd2 Qxd4+ 27. Ke1 Qe4+ 28. Qxe4 dxe4 29. gxf8Q+ Nxf8 30. gxf7+ Kxf7 31. Rd6 Bc4 32. Kd2 Bxa2 33. Ra1 Bc4 34. Ke3 a2 35. Rb6 Bd5 36. Kd4 Ra4+ 37. Kc3 Ng6 38. f5 exf5 39. Rf6+ Kg7 40. Rxf5 e3 41. Rg5 Kf7 42. Kd3 Re4 43. Rf5+ Ke7 44. c4 Nxe5+ 45. Rxe5+ Rxe5 46. Kd4 Kf6 47. Rf1+ Bf3 0-1

[Event "Regionalliga SW 0203"]
[Site "Bayern"]
[Date "2002.10.20"]
[Round "1.8"]
[White "Guggenberger, Guido"]
[Black "Kneifel, Stefan"]
[Result "0-1"]
[WhiteElo "1901"]
[BlackElo "2027"]
[PlyCount "66"]
[EventDate "2002.10.20"]
[EventType "team-tourn"]
[EventRounds "9"]
[EventCountry "GER"]
[SourceTitle "EXT 2004"]
[Source "ChessBase"]
[SourceDate "2003.11.25"]
[SourceVersion "1"]
[SourceVersionDate "2003.11.25"]
[SourceQuality "1"]
[WhiteTeam "Muenchen Tarrasch II"]
[BlackTeam "Garching"]
[WhiteTeamCountry "GER"]
[BlackTeamCountry "GER"]

1. c4 Nf6 2. g3 g6 3. Bg2 Bg7 4. Nc3 0-0 5. e4 d6 6. Nge2 Nc6 7. 0-0 Be6 8. d3 Qd7 9. Nd5 Bh3 10. f4 Bxg2 11. Kxg2 Nxd5 12. cxd5 Nd4 13. Be3 Nxe2 14. Qxe2 Qb5 15. Qc2 c6 16. dxc6 bxc6 17. d4 c5 18. dxc5 dxc5 19. Rac1 Bd4 20. Kf3 Rfd8 21. b3 Rd7 22. Rfd1 Rad8 23. Rd3 Qb7 24. Bxd4 f5 25. Qc4+ Kf8 26. Bg7+ Kxg7 27. Rxd7 Rxd7 28. Qe6 fxe4+ 29. Kf2 Rd2+ 30. Ke1 Rxa2 31. Qe5+ Kf7 32. Qh8 Rxh2 33. Rxc5 e3 0-1

[Event "Zuerich op 25th"]
[Site "Zuerich"]
[Date "2001.12.26"]
[Round "1"]
[White "Kneifel, Stefan"]
[Black "Hochstrasser, Michael"]
[Result "0-1"]
[WhiteElo "2116"]
[BlackElo "2305"]
[PlyCount "56"]
[EventDate "2001.12.26"]
[EventType "swiss"]
[EventRounds "7"]
[EventCountry "SUI"]
[SourceTitle "EXT 2003"]
[Source "ChessBase"]
[SourceDate "2002.11.25"]
[SourceVersion "1"]
[SourceVersionDate "2002.11.25"]
[SourceQuality "1"]

1. Nc3 g6 2. e4 Bg7 3. f4 d6 4. Nf3 Nf6 5. Bc4 0-0 6. d3 c6 7. 0-0 d5 8. Bb3 Na6 9. Qe1 dxe4 10. dxe4 Nc5 11. f5 gxf5 12. e5 Ng4 13. Bf4 Ne4 14. Nxe4 fxe4 15. Qxe4 Kh8 16. Bxf7 Rxf7 17. Ng5 Qg8 18. e6 Rf8 19. Rad1 Nf6 20. Qe2 h6 21. Nf7+ Rxf7 22. exf7 Qxf7 23. Rd8+ Kh7 24. Bd2 b6 25. Re1 Ba6 26. Rxa8 Bxe2 27. Rxe2 Qc4 28. Rxe7 Qc5+ 0-1

[Event "Regionalliga SW 0102"]
[Site "Bayern"]
[Date "2001.10.07"]
[Round "1.8"]
[White "Kneifel, Stefan"]
[Black "Monninger, Moritz Franz"]
[Result "1-0"]
[WhiteElo "2025"]
[BlackElo "1605"]
[PlyCount "83"]
[EventDate "2001.10.07"]
[EventType "team-tourn"]
[EventRounds "9"]
[EventCountry "GER"]
[SourceTitle "EXT 2003"]
[Source "ChessBase"]
[SourceDate "2002.11.25"]
[SourceVersion "1"]
[SourceVersionDate "2002.11.25"]
[SourceQuality "1"]
[WhiteTeam "Garching"]
[BlackTeam "Pasing II"]
[WhiteTeamCountry "GER"]
[BlackTeamCountry "GER"]

1. e4 c6 2. Nc3 d5 3. Nf3 Bg4 4. Be2 e6 5. 0-0 Nf6 6. d3 Be7 7. Bf4 0-0 8. Ne5 Bxe2 9. Qxe2 Nbd7 10. Rad1 Nxe5 11. Bxe5 Nd7 12. Bf4 Nb6 13. Qg4 Kh8 14. Rfe1 d4 15. Ne2 f5 16. Qh3 g5 17. Be5+ Bf6 18. Qg3 Rg8 19. Nxd4 f4 20. Nxe6 fxg3 21. Nxd8 gxf2+ 22. Kxf2 Rf8 23. Ne6 Bxe5+ 24. Nxf8 Rxf8+ 25. Ke2 Bxh2 26. Rf1 Rf4 27. Rxf4 Bxf4 28. Kf3 Kg7 29. b3 h5 30. d4 Kf7 31. c4 Nd7 32. e5 h4 33. Ke4 c5 34. Kf5 cxd4 35. e6+ Ke7 36. exd7 Kxd7 37. Rxd4+ Kc6 38. Rxf4 gxf4 39. Kxf4 Kc5 40. Kg4 Kb4 41. Kxh4 Ka3 42. g4 1-0

[Event "Zuerich op 24th"]
[Site "Zuerich"]
[Date "2000.12.26"]
[Round "1"]
[White "Kneifel, Stefan"]
[Black "Balinov, Ilia"]
[Result "0-1"]
[WhiteElo "2119"]
[BlackElo "2453"]
[PlyCount "48"]
[EventDate "2000.12.26"]
[EventType "swiss"]
[EventRounds "7"]
[EventCountry "SUI"]
[SourceTitle "EXT 2002"]
[Source "ChessBase"]
[SourceDate "2001.11.25"]
[SourceVersion "1"]
[SourceVersionDate "2001.11.25"]
[SourceQuality "1"]

1. e4 d5 2. Nc3 d4 3. Nce2 c5 4. Ng3 Nc6 5. Bb5 Bd7 6. f4 Qc7 7. Nf3 Qxf4 8. 0-0 Qc7 9. Bc4 f6 10. e5 0-0-0 11. e6 Be8 12. d3 g6 13. Ng5 Nh6 14. N5e4 Ne5 15. a4 Nhg4 16. Qe2 h5 17. Re1 Nxh2 18. Bf4 Bh6 19. Ng5 Nef3+ 20. gxf3 Qxf4 21. N3e4 Bxg5 22. Qxh2 Qxf3 23. Nxg5 fxg5 24. Qe5 Bc6 0-1

[Event "Regionalliga SW 9900"]
[Site "Bayern"]
[Date "1999.??.??"]
[Round "3.8"]
[White "Schaffranietz, Horst"]
[Black "Kneifel, Stefan"]
[Result "0-1"]
[WhiteElo "1925"]
[BlackElo "1990"]
[PlyCount "64"]
[EventDate "1999.??.??"]
[EventType "team-tourn"]
[EventRounds "9"]
[EventCountry "GER"]
[SourceTitle "EXT 2020"]
[Source "ChessBase"]
[SourceDate "2019.10.17"]
[SourceVersion "1"]
[SourceVersionDate "2019.10.17"]
[SourceQuality "1"]
[WhiteTeam "Pasing II"]
[BlackTeam "Garching"]
[WhiteTeamCountry "GER"]
[BlackTeamCountry "GER"]

1. e4 e5 2. Nf3 Nc6 3. Bb5 a6 4. Ba4 d6 5. 0-0 Bg4 6. h3 h5 7. c3 Qf6 8. Bxc6+ bxc6 9. Qa4 Ne7 10. Nh2 Bd7 11. d4 Qg6 12. Kh1 Qxe4 13. Nd2 Qe2 14. dxe5 Ng6 15. Ndf3 Be7 16. exd6 cxd6 17. Nd4 Qe4 18. f3 Qh4 19. Nxc6 Qxa4 20. Nxe7 Nxe7 21. Re1 0-0 22. b3 Qh4 23. Re4 Qf6 24. Be3 Nf5 25. Bd4 Nxd4 26. Rxd4 Rfe8 27. Rad1 Re6 28. Nf1 Rae8 29. Ng3 Re1+ 30. Kh2 h4 31. Nf1 Rxd1 32. Rxd1 Qxc3 0-1

[Event "Regionalliga SW 9899"]
[Site "Bayern"]
[Date "1998.??.??"]
[Round "1.6"]
[White "Kowarsch, Heinrich"]
[Black "Kneifel, Stefan"]
[Result "1-0"]
[WhiteElo "2000"]
[BlackElo "1935"]
[PlyCount "161"]
[EventDate "1998.??.??"]
[EventType "team-tourn"]
[EventRounds "9"]
[EventCountry "GER"]
[SourceTitle "EXT 2020"]
[Source "ChessBase"]
[SourceDate "2019.10.17"]
[SourceVersion "1"]
[SourceVersionDate "2019.10.17"]
[SourceQuality "1"]
[WhiteTeam "Tuerkheim"]
[BlackTeam "Garching"]
[WhiteTeamCountry "GER"]
[BlackTeamCountry "GER"]

1. c4 Nf6 2. Nc3 e6 3. d4 d5 4. Nf3 c5 5. e3 Nc6 6. cxd5 exd5 7. Bb5 a6 8. Bxc6+ bxc6 9. Ne5 Qc7 10. 0-0 Bd6 11. f4 0-0 12. b3 cxd4 13. exd4 Bf5 14. Na4 Rac8 15. Bb2 Qa7 16. Rc1 Bxe5 17. fxe5 Bg4 18. Qd3 Ne4 19. Ba3 Rfe8 20. Bc5 Qb7 21. Rf4 Bh5 22. Qe3 f6 23. exf6 Nxf6 24. Qh3 Bg6 25. Nb6 Rcd8 26. a4 Re2 27. Rcf1 Rde8 28. Qh4 Be4 29. R4f2 Rxf2 30. Qxf2 Qf7 31. Re1 Qg6 32. h3 h6 33. Re3 Kh7 34. b4 Qg5 35. Bd6 Re6 36. Bf4 Qg6 37. Be5 Qg5 38. Bf4 Qg6 39. g4 Qe8 40. Be5 Qg6 41. a5 Bd3 42. Qf3 Bb5 43. Qf5 Ne4 44. Nd7 Qxf5 45. gxf5 Re7 46. Nf8+ Kg8 47. Ng6 Rf7 48. Kh2 Kh7 49. Nh4 Bc4 50. Re1 Rb7 51. Rb1 Nd2 52. Rb2 Nb3 53. Ng6 Rxb4 54. Nf8+ Kg8 55. Ne6 Rb7 56. Nd8 Rd7 57. Nxc6 Rf7 58. Kg3 Kh7 59. Kg4 Nc1 60. Nd8 Re7 61. Ne6 Nb3 62. Kf4 Rf7 63. Bxg7 Nc1 64. Rb8 Nd3+ 65. Ke3 Rxf5 66. Rh8+ Kg6 67. Rxh6+ Kf7 68. Bh8 Rf1 69. Ng5+ Ke7 70. Rh7+ Kd6 71. Nf3 Ra1 72. Rh6+ Kd7 73. Ne5+ Nxe5 74. dxe5 Rxa5 75. Kd4 Ra3 76. Bf6 Rb3 77. Bg5 a5 78. e6+ Kc7 79. e7 Kd7 80. Rh8 Kd6 81. Rd8+ 1-0

[Event "Regionalliga SW 9798"]
[Site "Bayern"]
[Date "1998.??.??"]
[Round "?.7"]
[White "Schuele, Herbert"]
[Black "Kneifel, Stefan"]
[Result "1/2-1/2"]
[WhiteElo "1960"]
[BlackElo "1970"]
[PlyCount "69"]
[EventDate "1997.10.??"]
[EventType "team-tourn"]
[EventRounds "9"]
[EventCountry "GER"]
[SourceTitle "EXT 2020"]
[Source "ChessBase"]
[SourceDate "2019.10.17"]
[SourceVersion "1"]
[SourceVersionDate "2019.10.17"]
[SourceQuality "1"]
[WhiteTeam "Lauingen"]
[BlackTeam "Garching"]
[WhiteTeamCountry "GER"]
[BlackTeamCountry "GER"]

1. e4 e5 2. Nf3 Nc6 3. Bb5 a6 4. Ba4 d6 5. d4 b5 6. Bb3 Nxd4 7. Nxd4 exd4 8. a4 Rb8 9. axb5 axb5 10. Qxd4 Nf6 11. 0-0 Be7 12. c3 0-0 13. Bf4 Nh5 14. Be3 c5 15. Qd1 Nf6 16. Nd2 Bb7 17. f3 d5 18. e5 Nd7 19. f4 Nb6 20. f5 Nc4 21. Bxc4 dxc4 22. f6 Qd3 23. Rf3 Bxf3 24. Qxf3 gxf6 25. exf6 Bxf6 26. Ne4 Bg7 27. Rd1 Qc2 28. Rd2 Qb1+ 29. Rd1 Qxb2 30. Bh6 Bxh6 31. Nf6+ Kg7 32. Nh5+ Kg8 33. Nf6+ Kg7 34. Nh5+ Kg8 35. Nf6+ 1/2-1/2

[Event "Regionalliga SW 9697"]
[Site "Bayern"]
[Date "1997.??.??"]
[Round "?"]
[White "Uhlmann, Helge"]
[Black "Kneifel, Stefan"]
[Result "1-0"]
[WhiteElo "2100"]
[BlackElo "1940"]
[PlyCount "57"]
[EventDate "1996.10.??"]
[EventType "team-tourn"]
[EventRounds "9"]
[EventCountry "GER"]
[SourceTitle "EXT 1999"]
[Source "ChessBase"]
[SourceDate "1998.11.16"]
[SourceVersion "1"]
[SourceVersionDate "1998.11.16"]
[SourceQuality "1"]
[WhiteTeam "Pasing II"]
[BlackTeam "Garching"]
[WhiteTeamCountry "GER"]
[BlackTeamCountry "GER"]

1. d4 Nf6 2. Nf3 g6 3. c4 Bg7 4. Nc3 0-0 5. e4 d6 6. Be2 e5 7. 0-0 Nc6 8. Be3 Nh5 9. dxe5 dxe5 10. Qxd8 Nxd8 11. Nb5 Ne6 12. Nxa7 Nhf4 13. Rfe1 Nxe2+ 14. Rxe2 Nd4 15. Bxd4 exd4 16. Nxc8 Rfxc8 17. Ne1 d3 18. Nxd3 Rd8 19. Nb4 Rd4 20. a3 Rxc4 21. Rd1 Kf8 22. f3 c6 23. Kf1 Ra5 24. Red2 Rb5 25. b3 Rc3 26. Rd3 Rbc5 27. Rd8+ Ke7 28. R8d7+ Ke8 29. Rxb7 1-0

[Event "Regionalliga SW 9596"]
[Site "Bayern"]
[Date "1995.??.??"]
[Round "?"]
[White "Kneifel, Stefan"]
[Black "Foerch, August"]
[Result "1-0"]
[WhiteElo "1950"]
[BlackElo "1900"]
[PlyCount "74"]
[EventDate "1995.10.??"]
[EventType "team-tourn"]
[EventRounds "9"]
[EventCountry "GER"]
[SourceTitle "EXT 1999"]
[Source "ChessBase"]
[SourceDate "1998.11.16"]
[SourceVersion "1"]
[SourceVersionDate "1998.11.16"]
[SourceQuality "1"]
[WhiteTeam "Garching"]
[BlackTeam "Tuerkheim"]
[WhiteTeamCountry "GER"]
[BlackTeamCountry "GER"]

1. e4 c5 2. Nc3 Nc6 3. Bb5 e6 4. Bxc6 bxc6 5. d3 Nf6 6. e5 Nd5 7. Ne4 f5 8. exf6 Nxf6 9. Bg5 Be7 10. Bxf6 Bxf6 11. Qh5+ g6 12. Qxc5 Qe7 13. Qxe7+ Bxe7 14. Nf3 0-0 15. 0-0 a5 16. Rfe1 Rb8 17. b3 Ra8 18. a4 Rb8 19. Re2 Kg7 20. Rd1 Ba6 21. Ne5 Bc8 22. Nd2 Ra8 23. Ndc4 Ra6 24. Nf3 Rf5 25. Re5 Rxe5 26. Nfxe5 Bb4 27. d4 Be7 28. Rd3 d6 29. Nf3 Ra7 30. Re3 Kf7 31. Ncd2 Bd7 32. Ne4 d5 33. Nc5 Ke8 34. Nd2 Bg5 35. Re2 Bxd2 36. Rxd2 Ke7 37. Rd3 Rc7 1-0